000 00306pam a2200133 a 4500
020 _c
041 _h
082 _a519.5
_bCHI
100 _aCHITALE, RANJEET
245 _aSTATICAL AND QUANTATIVE METHODS
_hTextual Documents
260 _aPUNE
_bNIRALI PRAKAHAN
_c2004
300 _a15.35
930 _a13978
999 _c133289
_d133289